| 000 | 01476cam a2200349Ia 4500 | ||
|---|---|---|---|
| 999 |
_c4824 _d4824 |
||
| 001 | 226501 | ||
| 003 | GBCCL | ||
| 005 | 20241126110527.0 | ||
| 008 | 020111s2001 miu b 001 0 eng d | ||
| 020 | _a0825427355 | ||
| 020 | _a9780825427350 | ||
| 035 | _a(OCoLC)ocm48770975 | ||
| 035 | _a(OCoLC)48770975 | ||
| 040 |
_aNA5 _cNA5 _dWTS _dOCLCQ _dBAKER _dAU@ _dCBC _dVLB |
||
| 049 |
_aLBBK _aLBBT |
||
| 050 | 4 |
_aBT131 _b.G45 2001 |
|
| 082 | 0 | 4 |
_a231.4 _221 _bGEI |
| 090 |
_aBT131 _b.G45 2001 |
||
| 100 | 1 |
_aGeisler, Norman L. _988 |
|
| 245 | 1 | 4 |
_aThe battle for God : _bresponding to the challenge of neotheism / _cNormal L. Geisler, H. Wayne House with Max Herrera. |
| 260 |
_aGrand Rapids, Mich. : _bKregel, _cc2001. |
||
| 300 |
_a336 p. ; _c19 cm. |
||
| 504 | _aIncludes bibliographical references (p. 323-329) and index. | ||
| 505 | 0 | _aAcknowledgements -- 1. Neotheism and the Doctrine of God -- 2. Omniscience -- 3. Eternality -- 4. Immutability -- 5. Simplicity -- 6. Impassibility -- 7. Relatability to the World -- 8. Sovereignty -- 9. Theological Dangers of Neotheism -- 10. Practical Dangers or Neotheism -- 11. Is Neotheism Orthodox? -- Appendices -- Sources -- Index | |
| 650 | 0 |
_aGod _xOmniscience. _98793 |
|
| 650 | 0 |
_aProvidence and government of God. _94757 |
|
| 650 | 0 |
_aFree will and determinism _xBiblical teaching. _98794 |
|
| 650 | 0 |
_aGod _xAttributes. _97569 |
|
| 700 | 1 |
_aHouse, H. Wayne. _98795 |
|
| 700 | 1 |
_aHerrera, Max. _98796 |
|
| 942 |
_2ddc _cBK _03 |
||